Finančná politika a hlavné smery peňažného regulovania hospodárstva.

Nástroje peňažnej politiky: operácie na voľnom trhu, úroková miera a peňažné rezervy bánk. Využívanie daní, verejných výdavkov a podpory peňažnej politiky vo fiškálnej politike. Teoretické smery, súvisiace s peňažným regulovaním ekonomiky. Hlavné modely využívané pri formulovaní peňažnej politiky: n...

Descrizione completa

Salvato in:
Dettagli Bibliografici
Autore principale: Ferancová, Tatiana
Natura: Capitolo di libro
Lingua:slovacco
Soggetti:
Tags: Aggiungi Tag
Nessun Tag, puoi essere il primo ad aggiungerne!!

MARC

LEADER 00000naa a2200000 4500
001 r003384
005 20221125075724.2
041 0 |a slo 
044 |a [CS] 
245 1 0 |a Finančná politika a hlavné smery peňažného regulovania hospodárstva.  |c Tatiana Ferancová 
520 |a Nástroje peňažnej politiky: operácie na voľnom trhu, úroková miera a peňažné rezervy bánk. Využívanie daní, verejných výdavkov a podpory peňažnej politiky vo fiškálnej politike. Teoretické smery, súvisiace s peňažným regulovaním ekonomiky. Hlavné modely využívané pri formulovaní peňažnej politiky: neoklasický model Patinkina, Keynesa a monetaristický model Friedmana. 
610 2 0 |a politika peňažná 
610 2 0 |a nástroje finančné 
610 2 0 |a politika fiškálna 
610 2 0 |a peniaze 
610 2 0 |a neoklasicizmus 
610 2 0 |a keynesizmus 
610 2 0 |a monetarizmus 
100 1 |a Ferancová, Tatiana